MyGZULibrary

Men's involvement in gender and development policy and practice : (Record no. 8587)

MARC details
000 -LEADER
fixed length control field 02526cam a2200397 a 4500
001 - CONTROL NUMBER
control field 12695659
003 - CONTROL NUMBER IDENTIFIER
control field GZU
005 - DATE AND TIME OF LATEST TRANSACTION
control field 20210521090755.0
008 - FIXED-LENGTH DATA ELEMENTS--GENERAL INFORMATION
fixed length control field 020308s2001 enk b 100 0 eng
010 ## - LIBRARY OF CONGRESS CONTROL NUMBER
LC control number 2002277410
015 ## - NATIONAL BIBLIOGRAPHY NUMBER
National bibliography number GBA1-Z0901
020 ## - INTERNATIONAL STANDARD BOOK NUMBER
International Standard Book Number 085598466X
035 ## - SYSTEM CONTROL NUMBER
System control number (OCoLC)ocm46333376
040 ## - CATALOGING SOURCE
Original cataloging agency UKM
Transcribing agency UKM
Modifying agency OCL
-- C#P
-- VVC
-- DLC
042 ## - AUTHENTICATION CODE
Authentication code lccopycat
050 00 - LIBRARY OF CONGRESS CALL NUMBER
Classification number HQ1240 MEN 2001
Item number .M36 2001
245 00 - TITLE STATEMENT
Title Men's involvement in gender and development policy and practice :
Remainder of title beyond rhetoric /
Statement of responsibility, etc. edited by Caroline Sweetman.
260 ## - PUBLICATION, DISTRIBUTION, ETC.
Place of publication, distribution, etc. Oxford :
Name of publisher, distributor, etc. Oxfam,
Date of publication, distribution, etc. 2001.
300 ## - PHYSICAL DESCRIPTION
Extent iii, 80 p. ;
Dimensions 30 cm.
490 1# - SERIES STATEMENT
Series statement Oxfam working papers
500 ## - GENERAL NOTE
General note Includes bibliography
504 ## - BIBLIOGRAPHY, ETC. NOTE
Bibliography, etc. note Includes bibliographical references.
505 0# - FORMATTED CONTENTS NOTE
Formatted contents note Men, women, and organizational culture: perspectives from donors / Anne Coles --Middle-aged man seeks gender team / Chris Roche -- Men in the kitchen, women in the office? Working on gender issues in Ethiopia / Feleke Tadele -- Gender training with men: experiences and reflections from South Asia / Kamla Bhasin -- Gender training with men: experiences and reflections from East Africa / Milton Obote Joshua -- Male involvement in perpetual and challenging the practice of female genital mutilation in Egypt / Nadia Wassef -- Men's roles, gender relations, and sustainability in water supplies: some lessons from Nepal / Shibesh Chandra Regmi and Ben Fawcett -- Tackling male exclusion in post-industrialised settings: lessons from the UK / Sue Smith -- Challenging machismo to promote sexual and reproductive health: working with Nicaraguan men / Peter Sternberg -- Men and child-welfare services in the UK / Sandy Ruxton -- 'Sitting on a rock': men, socio-economic change, and development policy in Lesotho / Caroline Sweetman.
650 #0 - SUBJECT ADDED ENTRY--TOPICAL TERM
Topical term or geographic name entry element Women in development
Form subdivision Congresses.
650 #0 - SUBJECT ADDED ENTRY--TOPICAL TERM
Topical term or geographic name entry element Sex role
General subdivision Government policy
Form subdivision Congresses.
650 #0 - SUBJECT ADDED ENTRY--TOPICAL TERM
Topical term or geographic name entry element Sex role
General subdivision Public opinion
Form subdivision Congresses.
650 #0 - SUBJECT ADDED ENTRY--TOPICAL TERM
Topical term or geographic name entry element Men
General subdivision Attitudes
Form subdivision Congresses.
700 1# - ADDED ENTRY--PERSONAL NAME
Personal name Sweetman, Caroline.
830 #0 - SERIES ADDED ENTRY--UNIFORM TITLE
Uniform title Oxfam working paper.
856 42 - ELECTRONIC LOCATION AND ACCESS
Materials specified Publisher description
Uniform Resource Identifier <a href="http://www.loc.gov/catdir/enhancements/fy1115/2002277410-d.html">http://www.loc.gov/catdir/enhancements/fy1115/2002277410-d.html</a>
856 41 - ELECTRONIC LOCATION AND ACCESS
Materials specified Table of contents only
Uniform Resource Identifier <a href="http://www.loc.gov/catdir/enhancements/fy1115/2002277410-t.html">http://www.loc.gov/catdir/enhancements/fy1115/2002277410-t.html</a>
856 42 - ELECTRONIC LOCATION AND ACCESS
Materials specified Contributor biographical information
Uniform Resource Identifier <a href="http://www.loc.gov/catdir/enhancements/fy1207/2002277410-b.html">http://www.loc.gov/catdir/enhancements/fy1207/2002277410-b.html</a>
906 ## - LOCAL DATA ELEMENT F, LDF (RLIN)
a 7
b cbc
c copycat
d 2
e ncip
f 20
g y-gencatlg
942 ## - ADDED ENTRY ELEMENTS (KOHA)
Source of classification or shelving scheme Library of Congress Classification
Koha item type Books
Classification part 1240
Item part MEN
Call number prefix HQ
Holdings
Withdrawn status Lost status Damaged status Not for loan Collection code Home library Current library Shelving location Date acquired Total Checkouts Full call number Barcode Date last seen Date last checked out Copy number Price effective from Koha item type
        Non-fiction Gender Resource Centre Gender Resource Centre General Stacks 05/21/2021 1 HQ1240 MEN 2001 000934 08/18/2022 08/11/2022 c.1 05/21/2021 Books
        Non-fiction Gender Resource Centre Gender Resource Centre General Stacks 05/21/2021   HQ1240 MEN 2001 000935 05/21/2021   c.2 05/21/2021 Books